Statistics for Capitals Of Countries That Begin With 'I'

Click here to take the quiz!

General Stats

  • This quiz has been taken 18 times
  • The average score is 8 of 8

Answer Stats

Answer% Correct
Rome(Italy)
100%
Dublin(Ireland)
100%
Jerusalem(Israel)
100%
New Delhi(India)
100%
Baghdad(Iraq)
100%
Tehran(Iran)
100%
Jakarta(Indonesia)
94%
Reykjavik(Iceland)
88%

Score Distribution

Percentile by Number Answered

Percent of People with Each Score

Your Score History

You have not taken this quiz